Haytoba bhekhsan aru anyanya galpa (Record no. 4043)

MARC details
000 -LEADER
fixed length control field 00509cam a2200193ua 4500
001 - CONTROL NUMBER
control field 4226
005 - DATE AND TIME OF LATEST TRANSACTION
control field 20260515113814.0
008 - FIXED-LENGTH DATA ELEMENTS--GENERAL INFORMATION
fixed length control field 111221n ii |||gr||||Z||||||asm
040 ## - CATALOGING SOURCE
Transcribing agency MAIN
082 ## - DEWEY DECIMAL CLASSIFICATION NUMBER
Classification number 891.4513
100 1# - MAIN ENTRY--PERSONAL NAME
Personal name Das, Deva Brata,
245 11 - TITLE STATEMENT
Title Haytoba bhekhsan aru anyanya galpa
Statement of responsibility, etc. by Deva Brata Das
250 ## - EDITION STATEMENT
Edition statement 1st.
260 ## - PUBLICATION, DISTRIBUTION, ETC.
Place of publication, distribution, etc. Guwahati:
Name of publisher, distributor, etc. Purbanchal Prakash,987.
300 ## - PHYSICAL DESCRIPTION
Extent 126p:
Dimensions 23cm.
653 ## - INDEX TERM--UNCONTROLLED
Uncontrolled term Assamese short stories
653 ## - INDEX TERM--UNCONTROLLED
Uncontrolled term Haytoba bhekhsan aru anyanya galpa
942 ## - ADDED ENTRY ELEMENTS (KOHA)
Koha item type Books
Holdings
Withdrawn status Lost status Damaged status Not for loan Home library Current library Shelving location Date acquired Total checkouts Full call number Barcode Date last seen Copy number Price effective from Koha item type
        Naharkatiya College Library Naharkatiya College Library General stacks 09/19/2020   891.4513 | DAS 8842 09/19/2020 1 09/19/2020 Books